| 000 | 00352nam a22001217a 4500 | ||
|---|---|---|---|
| 005 | 20170620152530.0 | ||
| 008 | 170620b xxu||||| |||| 00| 0 eng d | ||
| 041 | _aeng | ||
| 245 |
_aGATE 2016 EE: ELECTRICAL ENGINEERING, _bobjective questions (topicwise previous years GATE solved questions |
||
| 260 | _bENGINEERS ACADEMY | ||
| 300 | _a634 | ||
| 942 | _cBK | ||
| 999 |
_c5473 _d5471 |
||